Oklahoma State Basketball: Top 10 All-Time Leaders - Statistics

General Stats
  • This quiz has been taken 18 times
    6 since last reset
  • The average score is 34 of 91
Answer Stats
Category # Player Amount % Correct
Steals 2 Marcus Smart 188
100%
Points Per Game 7 Marcus Smart 16.6
100%
Points 2 Bryant Reeves 2,367
80%
Rebounds 2 Bryant Reeves 1,152
80%
Blocks 4 Bryant Reeves 194
80%
Field Goal Percent 1 Bryant Reeves 58.5%
80%
Points Per Game 5 Bryant Reeves 17.4
80%
Games T1 Bryant Reeves 136
80%
Blocks 3 Andre Williams 214
60%
Steals 5 Brooks Thompson 169
60%
Assists 10 Corey Williams 349
60%
Points 7 Desmond Mason 1,702
60%
Rebounds 6 Desmond Mason 795
60%
Steals T10 Desmond Mason 158
60%
Points 5 James Anderson 1,811
60%
Three Pointers Made 7 James Anderson 225
60%
Points Per Game 3 James Anderson 17.9
60%
Steals 3 Terrel Harris 173
60%
Games T4 Terrel Harris 134
60%
Steals T10 Victor Williams 158
60%
Points 1 Byron Houston 2,379
40%
Rebounds 1 Byron Houston 1,190
40%
Steals 9 Byron Houston 159
40%
Blocks 1 Byron Houston 223
40%
Field Goal Percent 5 Byron Houston 55.2%
40%
Points Per Game 2 Byron Houston 18.7
40%
Rebounds 10 Cameron McGriff 742
40%
Games T7 Cameron McGriff 132
40%
Assists 3 Isaac Likekele 441
40%
Steals 8 Isaac Likekele 160
40%
Rebounds 4 Ivan McFarlin 978
40%
Steals 4 Ivan McFarlin 170
40%
Blocks 7 Ivan McFarlin 154
40%
Field Goal Percent 2 Ivan McFarlin 58.4%
40%
Games T7 Ivan McFarlin 132
40%
Assists 9 JamesOn Curry 356
40%
Three Pointers Made 8 JamesOn Curry 197
40%
Points Per Game 8 Jawun Evans 16.6
40%
Points Per Game 10 John Lucas 16.3
40%
Rebounds 7 Leroy Combs 763
40%
Blocks 5 Leroy Combs 167
40%
Field Goal Percent 4 Leroy Combs 55.4%
40%
Points 8 Markel Brown 1,655
40%
Games T4 Markel Brown 134
40%
Points Per Game 9 Maurice Baker 16.4
40%
Blocks 10 Moussa Cissé 116
40%
Field Goal Percent 8 Richard Dumas 50.1%
40%
Points 3 Adrian Peterson 1,866
20%
Three Pointers Made 6 Adrian Peterson 228
20%
Assists 8 Andre Owens 397
20%
Rebounds 3 Andy Hopson 1,020
20%
Points Per Game 1 Bob Mattick 19.0
20%
Assists 2 Byron Eaton 545
20%
Steals 1 Byron Eaton 267
20%
Games T1 Byron Eaton 136
20%
Assists 6 Darwyn Alexander 420
20%
Steals 6 Darwyn Alexander 168
20%
Assists 1 Doug Gottlieb 793
20%
Points Per Game 4 Ed Odom 17.5
20%
Rebounds 9 Fredrik Jonzen 744
20%
Games 10 Fredrik Jonzen 130
20%
Rebounds 8 James King 762
20%
Three Pointers Made 9 Jeffrey Carroll 183
20%
Assists 5 Joe Adkins 430
20%
Three Pointers Made 10 Joe Adkins 182
20%
Blocks 2 Joe Atkinson 215
20%
Field Goal Percent 9 Joe Atkinson 50.0%
20%
Blocks 8 Kalib Boone 147
20%
Field Goal Percent 10 K.C. Kincaide 49.3%
20%
Points 9 Keiton Page 1,651
20%
Three Pointers Made 2 Keiton Page 299
20%
Games T4 Keiton Page 134
20%
Points 4 Le'Bryan Nash 1,839
20%
Field Goal Percent 3 Mario Boggan 55.7%
20%
Points Per Game 6 Mario Boggan 16.9
20%
Points 10 Matt Clark 1,542
20%
Assists 4 Matt Clark 432
20%
Field Goal Percent 7 Matt Clark 52.5%
20%
Blocks 6 Michael Cobbins 163
20%
Games T7 Mitchell Solomon 132
20%
Three Pointers Made 5 Obi Muonelo 245
20%
Rebounds 5 Olus Holder 902
20%
Points 6 Phil Forte 1,746
20%
Steals 7 Phil Forte 164
20%
Three Pointers Made 1 Phil Forte 329
20%
Games 3 Phil Forte 135
20%
Three Pointers Made 3 Randy Rutherford 279
20%
Assists 7 Randy Wright 417
20%
Field Goal Percent 6 Raymond Crenshaw 54.6%
20%
Three Pointers Made 4 Thomas Dziagwa 251
20%
Blocks 9 Yor Anei 145
20%
No matching quizzes found
Score Distribution
Percent of People with Each Score
Percentile by Number Answered
Your Score History
You have not taken this quiz since the last reset